000
00451nam a2200169Ia 4500
008
090711s9999 xx 000 0 und d
082
_b
25742
100
_a
ढवळे वा. रा.
245
_a
अश्लिलता
260
_c
1964
300
_a
56
600
_a
ढवळे वा. रा.
630
_a
अश्लिलता
700
_a
ढवळे वा. रा.
730
_a
अश्लिलता
942
_c
BOOK
999
_c
315247
_d
315247